| 000 | 00715nam a2200205 u 4500 | ||
|---|---|---|---|
| 005 | 20221027063410.0 | ||
| 008 | 100531s2007 mx r 000 0 spa d | ||
| 020 | _a9789707706453 | ||
| 035 | _aUPN01000176218 | ||
| 049 | _aCG | ||
| 050 | 4 |
_aHV5276 _bP7.2 |
|
| 100 | 1 |
_aPrentiss, Chris, _d1936- |
|
| 245 | 1 | 3 |
_aLa cura del alcoholismo y otras adicciones : _bun programa excepcional para obtener la sobriedad total / _cChris Prentiss ; tr. Francisco Martínez Negrete. |
| 260 |
_aMéxico : _bAlamah, _c2007. |
||
| 300 | _a375 p. | ||
| 534 |
_pTítulo original: _tThe alcoholism & addiction cure |
||
| 650 | 7 |
_aAlcoholismo _xTratamiento _2 _92126 |
|
| 650 | 4 |
_aALCOHOLICOS - _xREHABILITACION _92815 |
|
| 905 | _aLibro | ||
| 999 |
_c148321 _d148321 |
||